Premier League Andrews Quiz Stats

 Plays Quiz not verified by Sporcle

Score 0/12 Timer 01:30
2 Plays Today
% Correct
Andy Carroll
93.3%
Andrew Cole
92.2%
Andrew Robertson
88.2%
Andrew Johnson
85%
Andy Townsend
79%
Andy King
79%
Andy Impey
73%
Andy Reid
71.7%
Andy Hinchcliffe
64.5%
Andy Wilkinson
62.9%
Andy Griffin
62.4%
Andy Booth
61.1%

You're not logged in!

Compare scores with friends on all Sporcle quizzes.
OR
Log In

You Might Also Like...

Show Comments

Extras

Top Quizzes Today


Score Distribution

Your Account Isn't Verified!

In order to create a playlist on Sporcle, you need to verify the email address you used during registration. Go to your Sporcle Settings to finish the process.

Report this User

Report this user for behavior that violates our Community Guidelines.

Details: